Statistics for Flags Quiz #1

Click here to take the quiz!

General Stats

  • This quiz has been taken 34 times
  • The average score is 12 of 15

Answer Stats

Answer% Correct
China
100%
United Kingdom
100%
Canada
100%
Finland
96%
Kenya
96%
Croatia
91%
Vatican City
91%
Bhutan
87%
Somalia
83%
Ecuador
74%
Kiribati
70%
Uzbekistan
70%
Togo
65%
Grenada
61%
Armenia
61%

Score Distribution

Percentile by Number Answered

Percent of People with Each Score

Your Score History

You have not taken this quiz